Sports Quiz

Random Sports or Soccer Quiz
Score 0/19 Timer 15:00
6 Plays Today
Matches Joueur % Correct
320 - AttaquantDavid Trézéguet
94.4%
212 - MilieuZinédine Zidane
93%
178 - MilieuPaul Pogba
87.7%
178 - MilieuDidier Deschamps
85.7%
223 - MilieuMichel Platini
84.5%
204 - DéfenseurLilian Thuram
81.4%
131 - MilieuBlaise Matuidi
81.2%
35 - MilieuAdrien Rabiot
76.2%
20 - AttaquantThierry Henry
68.8%
82 - DéfenseurPatrice Evra
57.7%
Matches Joueur % Correct
42 - MilieuPatrick Vieira
50.1%
3 - AttaquantNicolas Anelka
47.9%
117 - DéfenseurJonathan Zebina
46%
22 - AttaquantKingsley Coman
44.3%
36 - DéfenseurJean-Alain Boumsong
23.9%
21 - MilieuJocelyn Blanchard
15%
2 - AttaquantVincent Péricard
11.7%
19 - MilieuOlivier Kapo
11%
36 - AttaquantNestor Combin
5.6%
Remove Ads.
Support Sporcle.
Get the best of Sporcle when you Go Orange. This ad-free experience offers more features, more stats, and more fun while also helping to support Sporcle. Thank you for becoming a member.

You're not logged in!

Compare scores with friends on all Sporcle quizzes.
OR
Log In

Sporcle TV

Today on Sporcle TV


Watch our educational content, quiz creation guides, and fun videos on Sporcle TV.

Show Comments

Extras

Top Quizzes Today


Score Distribution

Paid Content

Your Account Isn't Verified!

In order to create a playlist on Sporcle, you need to verify the email address you used during registration. Go to your Sporcle Settings to finish the process.

Report this User

Report this user for behavior that violates our Community Guidelines.

Details: